00588nam a2200193Ia 4500008004100000020001300041082001700054100002400071245002200095250000800117260003900125300002800164500001900192600002700211650001500238942000700253952011900260999001500379240925s9999 xx 000 0 und d a71129200 a621.3192 BOG aBogart ,Theodore F. 0aElectric Circuits a2nd aLake Forest:bMc Graw-Hillc,1992. axv,810p.bNafPhotocopy aIncludes Index aEngineering Technology aTechnology cBK 001040708ETaUITUbUITUd2004-01-22eF.B.Cg150.00l0o621.3192 BOGpQ5472r2024-09-25 07:13:52w2024-09-25yBK c7971d7971